00686nam a2200157 4500001000700000003000900007007000300016008004100019111008400060245015400144260003100298300002700329852003200356999001900388952012100407149140ES-MaACLt|070214s1982 sp r ||||1| spa d2 aSymposium Internacional de Traumatología (cMadrid (d1981) (n. 8ª)922143710aTraumatismos articulares del mienbro inferior b: cadera, rodilla, tobillo / cSymposium Internacional de Traumatología Madrid 1981 VIII edición. aMadrid : bMapfre, c1982. aXIV, 761 p. ; c21 cm. aES-MaACLjL-4163 bR.104377 c149140d149140 00104070aATENEOMbATENEOMcDEPO2d2008-01-17eSCl0oL-4163p1155630r2023-02-23 00:00:00w2023-02-23yMONOGRAFIA